000 00467nam a2200181Ia 4500
001 8938
005 20260306160646.0
008 260306t2010||||xx |||||||||||||| ||spa||
041 _aESP
082 _a371.95
_bF42
100 _aFernández Reyes, María Teresa
_eAUT
245 0 _aCómo saber si mi hijo tiene altas capacidades intelectuales
260 _c2010
300 _a185 páginas :
_c24 cm.
650 _aGEN
654 _aCED
942 _cLIB
_dJUS
_fJUS
_2ddc
_n
999 _c8938
_d8938